000 00261nam a2200097Ia 4500
001 1051932
005 20250827001236.0
008 250824s9999 xx 000 0 und d
245 0 _aDOĞU BATI ARASINDA İSLAM
_cALİYA İZZETBEGOVİÇ
260 _bKETEBE YAYINLARI
999 _c1051932
_d1051932